[Event "12. Open Internacional Málaga"]
[Site "Malaga ESP"]
[Date "2009.07.11"]
[Round "1.1"]
[White "Flores Chico, Jorge"]
[Black "Stefansson, Hannes"]
[Result "0-1"]
[WhiteElo "2108"]
[BlackElo "2580"]
[PlyCount "34"]
[EventDate "2009.07.11"]
[EventType "swiss"]
[EventRounds "9"]
[EventCountry "ESP"]
[Source "lmi"]
[SourceDate "2009.07.11"]

1. d4 Nf6 2. Nc3 d5 3. Bg5 c6 4. Bxf6 exf6 5. e3 f5 6. Bd3 Bd6 7. Qf3 g6 8.
O-O-O Nd7 9. Qe2 b5 10. f3 b4 11. Nb1 Qa5 12. h4 Qxa2 13. Nh3 Nb6 14. e4 fxe4
15. fxe4 Bxh3 16. e5 Bf8 17. Rxh3 Bh6+ 0-1

[Event "12. Open Internacional Málaga"]
[Site "Malaga ESP"]
[Date "2009.07.11"]
[Round "1.2"]
[White "Khamrakulov, Ibragim S"]
[Black "Vinas Guerrero, Carlos A"]
[Result "1/2-1/2"]
[WhiteElo "2553"]
[BlackElo "2104"]
[PlyCount "86"]
[EventDate "2009.07.11"]
[EventType "swiss"]
[EventRounds "9"]
[EventCountry "ESP"]
[Source "lmi"]
[SourceDate "2009.07.11"]

1. e4 e5 2. Nf3 Nc6 3. Bc4 Nf6 4. d3 Be7 5. O-O O-O 6. c3 d6 7. h3 Na5 8. Bb5
a6 9. Ba4 b5 10. Bc2 c5 11. Re1 h6 12. Nbd2 Re8 13. Nf1 Bf8 14. b4 Nc6 15. bxc5
dxc5 16. Bb2 Bb7 17. Ng3 Qc7 18. d4 cxd4 19. cxd4 Nxd4 20. Nxd4 exd4 21. Rc1
Qf4 22. Qxd4 Rac8 23. Bb3 Rxc1 24. Bxc1 Qd6 25. Qxd6 Bxd6 26. Nf5 Bb4 27. Rd1
Bxe4 28. Ne3 a5 29. a4 Bc6 30. axb5 Bxb5 31. Bb2 a4 32. Ba2 Bc5 33. Bd4 Bxd4
34. Rxd4 g6 35. Rb4 Bd7 36. Rb7 Be6 37. Bxe6 Rxe6 38. Ra7 Re4 39. Kf1 Rb4 40.
Ke2 Rb2+ 41. Kf3 Rb4 42. Ke2 Rb2+ 43. Kf3 Rb4 1/2-1/2

[Event "12. Open Internacional Málaga"]
[Site "Malaga ESP"]
[Date "2009.07.11"]
[Round "1.3"]
[White "Ramos Moreno, Francisco Jose"]
[Black "Suba, Mihai"]
[Result "0-1"]
[WhiteElo "2103"]
[BlackElo "2540"]
[PlyCount "78"]
[EventDate "2009.07.11"]
[EventType "swiss"]
[EventRounds "9"]
[EventCountry "ESP"]
[Source "lmi"]
[SourceDate "2009.07.11"]

1. b4 e5 2. Bb2 Bxb4 3. Bxe5 Nf6 4. Nc3 O-O 5. Bxf6 Qxf6 6. Nd5 Qd6 7. Nxb4
Qxb4 8. e3 Re8 9. Nf3 b6 10. c4 Bb7 11. Be2 Na6 12. O-O Nc5 13. d4 Ne4 14. Bd3
Qe7 15. Qc2 Nf6 16. Nd2 c5 17. d5 d6 18. Rae1 b5 19. e4 bxc4 20. Nxc4 Ba6 21.
Na5 Qc7 22. Bxa6 Qxa5 23. Bb7 Rab8 24. Bc6 Red8 25. Rb1 Rb4 26. f3 Rdb8 27. h3
g6 28. Qc3 Qb6 29. Rbe1 Rd4 30. Rb1 Qxb1 31. Rxb1 Rxb1+ 32. Kh2 Nh5 33. a4 Rdd1
34. g4 Rbc1 35. Qb2 Rh1+ 36. Kg2 Nf4+ 37. Kg3 g5 38. Qf6 Rcg1+ 39. Kf2 Rg2+ 0-1

[Event "12. Open Internacional Málaga"]
[Site "Malaga ESP"]
[Date "2009.07.11"]
[Round "1.4"]
[White "Korneev, Oleg"]
[Black "Guerreiro, Nuno"]
[Result "1-0"]
[WhiteElo "2537"]
[BlackElo "2095"]
[PlyCount "49"]
[EventDate "2009.07.11"]
[EventType "swiss"]
[EventRounds "9"]
[EventCountry "ESP"]
[Source "lmi"]
[SourceDate "2009.07.11"]

1. e4 Nc6 2. Nf3 Nf6 3. e5 Ng4 4. d4 d6 5. h3 Nh6 6. Bb5 a6 7. Ba4 b5 8. Bb3 e6
9. exd6 Qxd6 10. Nc3 Nf5 11. Ne4 Qd7 12. c3 Bd6 13. O-O O-O 14. Nxd6 Qxd6 15.
Ng5 Bb7 16. Qh5 h6 17. Ne4 Qe7 18. Nc5 Bc8 19. Re1 Qf6 20. Qf3 e5 21. dxe5 Nxe5
22. Qxa8 c6 23. Qb8 Nd6 24. Ne4 Nf3+ 25. gxf3 1-0

[Event "12. Open Internacional Málaga"]
[Site "Malaga ESP"]
[Date "2009.07.11"]
[Round "1.5"]
[White "Garcia Rodriguez, Victor"]
[Black "Paunovic, Dragan"]
[Result "0-1"]
[WhiteElo "2090"]
[BlackElo "2533"]
[PlyCount "90"]
[EventDate "2009.07.11"]
[EventType "swiss"]
[EventRounds "9"]
[EventCountry "ESP"]
[Source "lmi"]
[SourceDate "2009.07.11"]

1. e4 c5 2. Nf3 a6 3. d4 cxd4 4. Nxd4 Nf6 5. Nc3 e5 6. Nb3 Bb4 7. Bd3 O-O 8.
O-O Bxc3 9. bxc3 d5 10. Bg5 dxe4 11. Bxf6 Qxf6 12. Bxe4 Nc6 13. Qf3 Qxf3 14.
Bxf3 Rd8 15. Rfd1 Bf5 16. Bxc6 bxc6 17. Nc5 a5 18. Rxd8+ Rxd8 19. Nb7 Ra8 20.
Rd1 Kf8 21. Rd8+ Rxd8 22. Nxd8 Be4 23. f3 Bd5 24. Nb7 a4 25. a3 Bb3 26. Nc5
Bxc2 27. Nd7+ Ke7 28. Nxe5 Kd6 29. Nc4+ Ke6 30. Kf2 Bb3 31. Nd2 Ke5 32. Ke3 Bd5
33. Kd3 g5 34. Ke3 f5 35. Kd3 h5 36. Nb1 Kf4 37. c4 Bxf3 38. gxf3 Kxf3 39. Nc3
h4 40. Nxa4 g4 41. Nc3 g3 42. h3 g2 43. Ne2 f4 44. a4 Kf2 45. a5 f3 0-1

[Event "12. Open Internacional Málaga"]
[Site "Malaga ESP"]
[Date "2009.07.11"]
[Round "1.6"]
[White "Rivas Pastor, Manuel"]
[Black "De Francisco Y De Diego, Felipe"]
[Result "1-0"]
[WhiteElo "2525"]
[BlackElo "2044"]
[PlyCount "41"]
[EventDate "2009.07.11"]
[EventType "swiss"]
[EventRounds "9"]
[EventCountry "ESP"]
[Source "lmi"]
[SourceDate "2009.07.11"]

1. d4 d5 2. Bg5 Nd7 3. e3 Ngf6 4. c3 e6 5. Nd2 c5 6. f4 Qb6 7. Rb1 cxd4 8. exd4
Bd6 9. Nh3 Qc7 10. Bd3 h6 11. Bxf6 Nxf6 12. O-O a6 13. Qe2 O-O 14. g4 b5 15. g5
hxg5 16. fxg5 Ne8 17. g6 fxg6 18. Bxg6 Nf6 19. Ng5 e5 20. Qf2 Ng4 21. Qxf8+ 1-0

[Event "12. Open Internacional Málaga"]
[Site "Malaga ESP"]
[Date "2009.07.11"]
[Round "1.8"]
[White "Strikovic, Aleksa"]
[Black "Garcia Albarracin, Jose Antonio"]
[Result "1-0"]
[WhiteElo "2523"]
[BlackElo "2024"]
[PlyCount "65"]
[EventDate "2009.07.11"]
[EventType "swiss"]
[EventRounds "9"]
[EventCountry "ESP"]
[Source "lmi"]
[SourceDate "2009.07.11"]

1. c4 Nf6 2. Nc3 g6 3. e4 d6 4. d4 Bg7 5. Nf3 O-O 6. Bg5 h6 7. Bh4 Na6 8. Be2
c5 9. d5 Qc7 10. Nd2 e5 11. a3 Bd7 12. b4 b6 13. Rb1 Qc8 14. O-O g5 15. Bg3 h5
16. h4 Bh6 17. hxg5 Bxg5 18. Nf3 Bh6 19. Bh4 Kg7 20. bxc5 bxc5 21. Nh2 Bf4 22.
g3 Rg8 23. gxf4 Kf8+ 24. Kh1 Bh3 25. Rg1 Ng4 26. f3 Ne3 27. Rxg8+ Kxg8 28. Qd2
Bg2+ 29. Kg1 exf4 30. Nd1 Qh3 31. Nxe3 fxe3 32. Qxe3 Kh7 33. Qg5 1-0

[Event "12. Open Internacional Málaga"]
[Site "Malaga ESP"]
[Date "2009.07.11"]
[Round "1.9"]
[White "Jimenez Capilla, Jose Alfonso"]
[Black "Ibarra Jerez, Jose Carlos"]
[Result "0-1"]
[WhiteElo "2023"]
[BlackElo "2517"]
[PlyCount "32"]
[EventDate "2009.07.11"]
[EventType "swiss"]
[EventRounds "9"]
[EventCountry "ESP"]
[Source "lmi"]
[SourceDate "2009.07.11"]

1. d4 Nf6 2. Nf3 d5 3. e3 c5 4. Nbd2 cxd4 5. exd4 Nc6 6. Bd3 Bg4 7. c3 e6 8.
O-O Bd6 9. Qb3 Qc7 10. h3 Bh5 11. c4 dxc4 12. Bxc4 O-O 13. Be2 Rfd8 14. g4 Bg6
15. Nc4 Bh2+ 16. Kg2 Nxd4 0-1

[Event "12. Open Internacional Málaga"]
[Site "Malaga ESP"]
[Date "2009.07.11"]
[Round "1.10"]
[White "Carlsson, Pontus"]
[Black "Corrales Ibanez, Pedro Luis"]
[Result "1/2-1/2"]
[WhiteElo "2494"]
[BlackElo "2010"]
[PlyCount "69"]
[EventDate "2009.07.11"]
[EventType "swiss"]
[EventRounds "9"]
[EventCountry "ESP"]
[Source "lmi"]
[SourceDate "2009.07.11"]

1. d4 d5 2. c4 c6 3. Nf3 Nf6 4. Nc3 e6 5. Bg5 dxc4 6. e4 b5 7. Be2 h6 8. Bxf6
gxf6 9. O-O Bb7 10. Qc2 Nd7 11. d5 Qb6 12. dxe6 fxe6 13. Rad1 c5 14. Nd2 O-O-O
15. a4 a6 16. axb5 axb5 17. b3 Ne5 18. bxc4 b4 19. Nb5 Be7 20. f4 Nc6 21. Bg4
Nd4 22. Nxd4 Rxd4 23. Bf3 Rhd8 24. Nb3 Rxd1 25. Rxd1 Rxd1+ 26. Qxd1 Qd6 27.
Qxd6 Bxd6 28. g3 f5 29. Kf2 fxe4 30. Bg4 Kd7 31. Ke3 Ke7 32. Bd1 Kf6 33. Bc2 e5
34. Bxe4 exf4+ 35. gxf4 1/2-1/2

[Event "12. Open Internacional Málaga"]
[Site "Malaga ESP"]
[Date "2009.07.11"]
[Round "1.11"]
[White "Delgado Lozano, Jose Manuel"]
[Black "Tratar, Marko"]
[Result "0-1"]
[WhiteElo "2010"]
[BlackElo "2494"]
[PlyCount "59"]
[EventDate "2009.07.11"]
[EventType "swiss"]
[EventRounds "9"]
[EventCountry "ESP"]
[Source "lmi"]
[SourceDate "2009.07.11"]

1. d4 d6 2. Nf3 Nf6 3. c3 g6 4. Bg5 Bg7 5. Nbd2 O-O 6. e4 c5 7. dxc5 dxc5 8.
Bc4 Nc6 9. O-O Qc7 10. Re1 h6 11. Bh4 Nh5 12. Nf1 Na5 13. Bb5 Qb6 14. Ba4 g5
15. Nxg5 hxg5 16. Bxg5 Nf6 17. e5 Ng4 18. Bxe7 Qxb2 19. Bxc5 Bf5 20. Re2 Qxc3
21. Rc1 Qd3 22. Rd2 Qa6 23. Bxf8 Rxf8 24. Rd6 Nc6 25. Bxc6 bxc6 26. Rcxc6 Qxa2
27. Qf3 Be6 28. Rd2 Nxe5 29. Qe3 Qa1 30. Qe2 0-1

[Event "12. Open Internacional Málaga"]
[Site "Malaga ESP"]
[Date "2009.07.11"]
[Round "1.13"]
[White "Jimenez Ruiz, Jose Carlos"]
[Black "Fernandez Romero, Ernesto"]
[Result "0-1"]
[WhiteElo "1985"]
[BlackElo "2461"]
[PlyCount "66"]
[EventDate "2009.07.11"]
[EventType "swiss"]
[EventRounds "9"]
[EventCountry "ESP"]
[Source "lmi"]
[SourceDate "2009.07.11"]

1. c4 e5 2. g3 Nc6 3. Bg2 f5 4. Nc3 Nf6 5. e3 d6 6. d4 e4 7. f3 exf3 8. Nxf3 g6
9. O-O Bg7 10. e4 fxe4 11. Re1 O-O 12. Nxe4 Nxe4 13. Rxe4 Bf5 14. Bg5 Qd7 15.
Rh4 Bg4 16. Qd3 Nb4 17. Qb3 Qf5 18. Rf1 a5 19. Ne5 Qxg5 20. Rxg4 Rxf1+ 21. Bxf1
Qc1 22. c5+ d5 23. a3 Rf8 24. Rf4 Rxf4 25. gxf4 Qxf4 26. axb4 Qxd4+ 27. Kg2
Bxe5 28. bxa5 Qxb2+ 29. Qxb2 Bxb2 30. a6 bxa6 31. Bxa6 Kf7 32. Kf3 Ba3 33. Kf4
Bxc5 0-1

[Event "12. Open Internacional Málaga"]
[Site "Malaga ESP"]
[Date "2009.07.11"]
[Round "1.14"]
[White "Larino Nieto, David"]
[Black "Dominguez Garcia, Juan Antonio"]
[Result "1-0"]
[WhiteElo "2455"]
[BlackElo "1984"]
[PlyCount "47"]
[EventDate "2009.07.11"]
[EventType "swiss"]
[EventRounds "9"]
[EventCountry "ESP"]
[Source "lmi"]
[SourceDate "2009.07.11"]

1. e4 e5 2. Nf3 d6 3. d4 f5 4. Nc3 fxe4 5. Nxe4 Nf6 6. Nxf6+ gxf6 7. dxe5 dxe5
8. Bd2 Bg4 9. c3 Nc6 10. Qa4 Qd7 11. Bb5 Bxf3 12. gxf3 O-O-O 13. O-O-O a6 14.
Be3 Bd6 15. Bxa6 Nb8 16. Bb5 c6 17. Bd3 f5 18. Bb6 Rde8 19. Bc2 Rhf8 20. Bc5
Re6 21. Rhe1 Qc7 22. Rxd6 Rxd6 23. Qa3 Rff6 24. Bxd6 1-0

[Event "12. Open Internacional Málaga"]
[Site "Malaga ESP"]
[Date "2009.07.11"]
[Round "1.15"]
[White "Jimenez Capilla, Martin R"]
[Black "Bellon Lopez, Juan Manuel"]
[Result "0-1"]
[WhiteElo "1984"]
[BlackElo "2445"]
[PlyCount "80"]
[EventDate "2009.07.11"]
[EventType "swiss"]
[EventRounds "9"]
[EventCountry "ESP"]
[Source "lmi"]
[SourceDate "2009.07.11"]

1. e4 c5 2. Nf3 e6 3. d4 cxd4 4. Nxd4 Nf6 5. Nc3 Qb6 6. e5 Bc5 7. Be3 Nd5 8.
Nxd5 exd5 9. Nf5 Qxb2 10. Bxc5 Qc3+ 11. Ke2 Qxc5 12. Nd6+ Kf8 13. Qd3 Nc6 14.
f4 Nb4 15. Qf5 Qxc2+ 16. Qxc2 Nxc2 17. Rc1 Nd4+ 18. Ke3 Nc6 19. Be2 g6 20. Rhd1
d4+ 21. Ke4 Kg7 22. g4 f6 23. a3 Rf8 24. exf6+ Kxf6 25. Kd5 Ke7 26. Re1 Kd8 27.
f5 b6 28. Bd3 gxf5 29. gxf5 a6 30. Re2 Rf6 31. Rce1 Bb7 32. Nxb7+ Kc7 33. Nc5
Rd6+ 34. Kc4 Na5+ 35. Kb4 Nc6+ 36. Kc4 bxc5 37. Kxc5 Rb8 38. Rb1 Rxb1 39. Bxb1
d3 40. Rd2 Rd4 0-1

[Event "12. Open Internacional Málaga"]
[Site "Malaga ESP"]
[Date "2009.07.11"]
[Round "1.17"]
[White "Jurado Vazquez, Jose Carlos"]
[Black "Djuric, Stefan"]
[Result "0-1"]
[WhiteElo "1963"]
[BlackElo "2437"]
[PlyCount "48"]
[EventDate "2009.07.11"]
[EventType "swiss"]
[EventRounds "9"]
[EventCountry "ESP"]
[Source "lmi"]
[SourceDate "2009.07.11"]

1. c4 g6 2. d4 Nf6 3. Nc3 Bg7 4. e4 d6 5. h3 O-O 6. Nf3 Nbd7 7. Be2 e5 8. dxe5
dxe5 9. Be3 c6 10. Qc2 Qe7 11. g4 Nc5 12. O-O-O a5 13. Nh4 Nfxe4 14. Nxg6 hxg6
15. Nxe4 Nxe4 16. Qxe4 f5 17. Qc2 a4 18. f4 a3 19. b3 exf4 20. Bxf4 fxg4 21.
Bd6 Qe3+ 22. Kb1 Bf5 23. Bd3 Qd4 24. Kc1 Qxd6 0-1

[Event "12. Open Internacional Málaga"]
[Site "Malaga ESP"]
[Date "2009.07.11"]
[Round "1.18"]
[White "Guerra Bastida, Diego"]
[Black "Dominguez Garcia, Francisco"]
[Result "1-0"]
[WhiteElo "2419"]
[BlackElo "1956"]
[PlyCount "29"]
[EventDate "2009.07.11"]
[EventType "swiss"]
[EventRounds "9"]
[EventCountry "ESP"]
[Source "lmi"]
[SourceDate "2009.07.11"]

1. e4 d5 2. exd5 Nf6 3. Bb5+ Bd7 4. Be2 Nxd5 5. d4 Bf5 6. Nf3 e6 7. O-O Be7 8.
a3 O-O 9. c4 Nb6 10. Qb3 Qd7 11. c5 Qd5 12. Qd1 Bxb1 13. Rxb1 Qa2 14. Qc2 Nd5
15. Bc4 1-0

[Event "12. Open Internacional Málaga"]
[Site "Malaga ESP"]
[Date "2009.07.11"]
[Round "1.20"]
[White "Karim, Ismael"]
[Black "Dappiano, Andrea"]
[Result "1-0"]
[WhiteElo "2406"]
[BlackElo "1927"]
[PlyCount "63"]
[EventDate "2009.07.11"]
[EventType "swiss"]
[EventRounds "9"]
[EventCountry "ESP"]
[Source "lmi"]
[SourceDate "2009.07.11"]

1. e4 e6 2. d4 d5 3. Nc3 Bb4 4. e5 c5 5. Bd2 Nh6 6. Nf3 Nc6 7. a3 Bxc3 8. bxc3
Nf5 9. Bb5 Nh4 10. Ng5 h6 11. Qh5 Ng6 12. Nf3 c4 13. Bxc6+ bxc6 14. O-O Rb8 15.
Ra2 Bd7 16. a4 Qa5 17. g3 Ne7 18. Nh4 Nf5 19. Ng2 Nxd4 20. Qd1 Nf5 21. g4 Ne7
22. f4 f5 23. exf6 gxf6 24. Qe1 Nc8 25. Qh4 Kf7 26. Qh5+ Ke7 27. g5 Nd6 28.
gxf6+ Kxf6 29. Qe5+ Ke7 30. f5 Qb6+ 31. Be3 c5 32. fxe6 1-0

[Event "12. Open Internacional Málaga"]
[Site "Malaga ESP"]
[Date "2009.07.11"]
[Round "1.21"]
[White "Fernandez Garcia, Francisco Jos"]
[Black "Quillan, Gary"]
[Result "0-1"]
[WhiteElo "1913"]
[BlackElo "2405"]
[PlyCount "156"]
[EventDate "2009.07.11"]
[EventType "swiss"]
[EventRounds "9"]
[EventCountry "ESP"]
[Source "lmi"]
[SourceDate "2009.07.11"]

1. e4 e6 2. d4 d5 3. Nc3 Bb4 4. Qg4 Nf6 5. Qxg7 Rg8 6. Qh6 dxe4 7. Nge2 Nbd7 8.
a3 Bxc3+ 9. Nxc3 b6 10. Bb5 Bb7 11. Bxd7+ Kxd7 12. Be3 Qe7 13. O-O-O Rae8 14.
Qh3 Nd5 15. Nxd5 Bxd5 16. c4 Bxc4 17. d5 Bd3 18. Rxd3 exd3 19. Rd1 Kc8 20. Rxd3
Kb8 21. dxe6 fxe6 22. Rc3 Rd8 23. Qf3 Qd6 24. g3 Rgf8 25. Qe2 e5 26. Rc2 Qd5
27. Kb1 Rd7 28. Qc4 Qd1+ 29. Rc1 Qd5 30. h4 Qxc4 31. Rxc4 Rf3 32. Re4 Rd5 33.
g4 Kc8 34. g5 Rh3 35. Kc2 Kd7 36. Rg4 Ke8 37. Rc4 Kd7 38. Rg4 Rd6 39. Kc1 Ke6
40. g6 hxg6 41. Rxg6+ Kf5 42. Rg5+ Ke4 43. h5 Kd3 44. Kb1 e4 45. h6 Rhxh6 46.
Rg7 Rh1+ 47. Ka2 Rc6 48. Rd7+ Ke2 49. Re7 Rh4 50. Rd7 Rg4 51. Kb3 Rgg6 52. Rd2+
Kf3 53. Rd7 Rgd6 54. Rf7+ Ke2 55. Ka2 Rd3 56. Bg5 Rf3 57. Re7 Rc4 58. b3 Rc2+
59. Kb1 Kd1 60. Be3 Rc3 61. Rxe4 Rxb3+ 62. Ka2 Rc3 63. Kb2 Rc6 64. Rd4+ Ke2 65.
Rd2+ Ke1 66. Rd7 Rf5 67. Re7 Rb5+ 68. Ka1 Kd1 69. Rd7+ Kc2 70. Rd2+ Kb3 71.
Rb2+ Ka4 72. Re2 Rc3 73. Ra2 Rd3 74. Bc1 Rc5 75. Be3 Rc4 76. Kb2 Rb3+ 77. Ka1
Rxa3 78. Rxa3+ Kxa3 0-1

[Event "12. Open Internacional Málaga"]
[Site "Malaga ESP"]
[Date "2009.07.11"]
[Round "1.22"]
[White "Fierro Baquero, Martha L"]
[Black "Garzon Rodriguez, Jose Manuel"]
[Result "1-0"]
[WhiteElo "2394"]
[BlackElo "1905"]
[PlyCount "57"]
[EventDate "2009.07.11"]
[EventType "swiss"]
[EventRounds "9"]
[EventCountry "ESP"]
[Source "lmi"]
[SourceDate "2009.07.11"]

1. e4 e5 2. Nf3 Nc6 3. Bb5 Nf6 4. d3 d6 5. O-O Be7 6. Re1 O-O 7. c3 Bg4 8. h3
Bh5 9. Nbd2 h6 10. Nf1 g5 11. Ng3 Bg6 12. Nh2 Kh7 13. Ng4 Ng8 14. Ne3 Bf6 15.
Qf3 Nce7 16. Nef5 c6 17. Ba4 Qd7 18. Be3 Bh8 19. Rad1 f6 20. d4 Qc7 21. Bc2
Rad8 22. Qg4 Qc8 23. h4 d5 24. dxe5 fxe5 25. hxg5 dxe4 26. Nxh6 Nxh6 27. Qh4
Kg8 28. gxh6 Kh7 29. Qxe7+ 1-0

[Event "12. Open Internacional Málaga"]
[Site "Malaga ESP"]
[Date "2009.07.11"]
[Round "1.23"]
[White "Roman Lopez, Jesus"]
[Black "Valmana Canto, Jaime"]
[Result "0-1"]
[WhiteElo "1892"]
[BlackElo "2348"]
[PlyCount "64"]
[EventDate "2009.07.11"]
[EventType "swiss"]
[EventRounds "9"]
[EventCountry "ESP"]
[Source "lmi"]
[SourceDate "2009.07.11"]

1. e4 c5 2. c3 d5 3. exd5 Qxd5 4. d4 g6 5. Nf3 Bg7 6. Nbd2 cxd4 7. Bc4 Qd8 8.
cxd4 Nf6 9. Qb3 O-O 10. Ne5 e6 11. Ndf3 a6 12. O-O b5 13. Be2 Bb7 14. Bg5 h6
15. Bh4 Bd5 16. Qe3 Kh7 17. Rfc1 Nbd7 18. Bd3 Qb6 19. Rc2 Bxf3 20. Nxf3 Nd5 21.
Qd2 Rac8 22. Rac1 Rxc2 23. Rxc2 Qb7 24. Qc1 N7b6 25. Be4 Nc4 26. Bg3 Rd8 27. b3
Nd6 28. Bxd6 Rxd6 29. Ne5 Qa7 30. Rc5 Nf4 31. Qc2 Rxd4 32. Rc7 Qxc7 0-1

[Event "12. Open Internacional Málaga"]
[Site "Malaga ESP"]
[Date "2009.07.11"]
[Round "1.24"]
[White "Cruz Ravina, Francisco Javier"]
[Black "Ortega Gonzalez, Jose Luis"]
[Result "1-0"]
[WhiteElo "2345"]
[BlackElo "1867"]
[PlyCount "45"]
[EventDate "2009.07.11"]
[EventType "swiss"]
[EventRounds "9"]
[EventCountry "ESP"]
[Source "lmi"]
[SourceDate "2009.07.11"]

1. e4 e6 2. d4 d5 3. Bd3 dxe4 4. Bxe4 Nf6 5. Bd3 Nbd7 6. Nf3 Bd6 7. O-O b6 8.
Nc3 Bb7 9. Qe2 c5 10. dxc5 Bxc5 11. Bg5 O-O 12. Ne4 Be7 13. Rad1 Qc7 14. Rfe1
Nd5 15. Bxe7 Nxe7 16. Neg5 Nf5 17. Bxf5 exf5 18. Qe7 Rad8 19. Ne5 Bc8 20. Nexf7
Rde8 21. Nh6+ Kh8 22. Ngf7+ Rxf7 23. Nxf7+ 1-0

[Event "12. Open Internacional Málaga"]
[Site "Malaga ESP"]
[Date "2009.07.11"]
[Round "1.25"]
[White "Escalante Ortega, Fernando"]
[Black "Ortega Ruiz, Jose Miguel"]
[Result "1-0"]
[WhiteElo "1865"]
[BlackElo "2344"]
[PlyCount "33"]
[EventDate "2009.07.11"]
[EventType "swiss"]
[EventRounds "9"]
[EventCountry "ESP"]
[Source "lmi"]
[SourceDate "2009.07.11"]

1. e4 c5 2. Nf3 Nc6 3. d4 cxd4 4. Nxd4 Nf6 5. Nc3 e6 6. Bg5 Qa5 7. Bxf6 gxf6 8.
Ndb5 a6 9. Nd6+ Ke7 10. Qd2 h5 11. O-O-O Bh6 12. f4 Qc7 13. g3 b5 14. Nd5+ exd5
15. Qxd5 Rh7 16. Qc5 Qa7 17. Nxc8+ 1-0

[Event "12. Open Internacional Málaga"]
[Site "Malaga ESP"]
[Date "2009.07.11"]
[Round "1.26"]
[White "Garrido Dominguez, Jesus"]
[Black "Bellon Fernandez, Javier"]
[Result "1-0"]
[WhiteElo "2333"]
[BlackElo "1863"]
[PlyCount "49"]
[EventDate "2009.07.11"]
[EventType "swiss"]
[EventRounds "9"]
[EventCountry "ESP"]
[Source "lmi"]
[SourceDate "2009.07.11"]

1. e4 c5 2. Nf3 Nc6 3. d4 cxd4 4. Nxd4 Nf6 5. Nc3 e5 6. Ndb5 d6 7. Bg5 a6 8.
Na3 b5 9. Bxf6 gxf6 10. Nd5 f5 11. g3 h5 12. Bg2 fxe4 13. Bxe4 Ra7 14. c3 Be6
15. Qf3 Bg7 16. Nc2 h4 17. Nce3 Ne7 18. Rd1 Nxd5 19. Bxd5 hxg3 20. hxg3 Qf6 21.
Rxh8+ Bxh8 22. Qxf6 Bxf6 23. Bxe6 fxe6 24. Rxd6 Ke7 25. Rd1 1-0

[Event "12. Open Internacional Málaga"]
[Site "Malaga ESP"]
[Date "2009.07.11"]
[Round "1.27"]
[White "Hulligan, Steve"]
[Black "Gutierrez Jimenez, Juan Manuel"]
[Result "0-1"]
[WhiteElo "1860"]
[BlackElo "2287"]
[PlyCount "68"]
[EventDate "2009.07.11"]
[EventType "swiss"]
[EventRounds "9"]
[EventCountry "ESP"]
[Source "lmi"]
[SourceDate "2009.07.11"]

1. e4 d6 2. d4 Nf6 3. Nc3 g6 4. f4 Bg7 5. Nf3 O-O 6. Bd3 Nc6 7. Be3 Bg4 8. h3
Bxf3 9. Qxf3 e5 10. dxe5 dxe5 11. f5 Nd4 12. Qf2 gxf5 13. exf5 b5 14. Ne4 Nd5
15. Bg5 f6 16. Bd2 Nb6 17. O-O Qd5 18. Nc3 Qd7 19. Rae1 c5 20. Ne2 Nxe2+ 21.
Rxe2 Rac8 22. Be4 Rfd8 23. Bc1 Bf8 24. Rd2 Qf7 25. Qg3+ Kh8 26. Qb3 Qxb3 27.
axb3 c4 28. Rxd8 Rxd8 29. bxc4 Nxc4 30. Bd3 Bc5+ 31. Kh1 Nd6 32. Re1 e4 33. Be2
Nxf5 34. Bxb5 Bf2 0-1

[Event "12. Open Internacional Málaga"]
[Site "Malaga ESP"]
[Date "2009.07.11"]
[Round "1.28"]
[White "Cruz Alvarez de Ron, Dan"]
[Black "Velasco Gomez, Esperanza"]
[Result "1-0"]
[WhiteElo "2284"]
[BlackElo "1851"]
[PlyCount "51"]
[EventDate "2009.07.11"]
[EventType "swiss"]
[EventRounds "9"]
[EventCountry "ESP"]
[Source "lmi"]
[SourceDate "2009.07.11"]

1. e4 c5 2. Nf3 d6 3. c3 Nf6 4. h3 a6 5. Bd3 b5 6. O-O Bb7 7. Re1 Nbd7 8. Bc2
e5 9. d4 Be7 10. Nbd2 cxd4 11. cxd4 Qc7 12. Nf1 Rc8 13. Bd3 O-O 14. Ng3 Rfe8
15. Bd2 Bf8 16. Rc1 Qb8 17. Rxc8 Rxc8 18. Bg5 h6 19. Be3 Nb6 20. dxe5 dxe5 21.
Bxb6 Bxe4 22. Nxe4 Qxb6 23. Nxf6+ Qxf6 24. Nxe5 Bb4 25. Qg4 Re8 26. Qxb4 1-0

[Event "12. Open Internacional Málaga"]
[Site "Malaga ESP"]
[Date "2009.07.11"]
[Round "1.29"]
[White "Illescas Lopez, Antonio"]
[Black "Terron Elena, Francisco M"]
[Result "0-1"]
[WhiteElo "1841"]
[BlackElo "2282"]
[PlyCount "72"]
[EventDate "2009.07.11"]
[EventType "swiss"]
[EventRounds "9"]
[EventCountry "ESP"]
[Source "lmi"]
[SourceDate "2009.07.11"]

1. e4 e5 2. Nf3 Nc6 3. Bc4 Nf6 4. O-O Be7 5. d4 exd4 6. Re1 d6 7. Nxd4 O-O 8.
Nc3 h6 9. h3 Re8 10. Bf4 Ne5 11. Bb3 a6 12. Ba4 Bf8 13. Re3 g6 14. Qe2 Bg7 15.
Bh2 Nfd7 16. f4 Nc6 17. Nxc6 bxc6 18. Rg3 Nc5 19. Bb3 Be6 20. Bxe6 Rxe6 21. Qc4
Bxc3 22. Rxc3 Nxe4 23. Rd3 d5 24. Qd4 f5 25. c4 Rd6 26. Rad1 c5 27. Qe5 d4 28.
b4 cxb4 29. Rxd4 Qf8 30. c5 Rxd4 31. Rxd4 Qxc5 32. Qxc5 Nxc5 33. Rxb4 Ne4 34.
Kf1 Rd8 35. Ke2 Rd2+ 36. Kf3 Rf2+ 0-1

[Event "12. Open Internacional Málaga"]
[Site "Malaga ESP"]
[Date "2009.07.11"]
[Round "1.30"]
[White "Claros Egea, Christian"]
[Black "Gonzalez Lopez, Jose Antonio"]
[Result "1-0"]
[WhiteElo "2281"]
[BlackElo "1780"]
[PlyCount "55"]
[EventDate "2009.07.11"]
[EventType "swiss"]
[EventRounds "9"]
[EventCountry "ESP"]
[Source "lmi"]
[SourceDate "2009.07.11"]

1. e4 e6 2. d3 d5 3. Nd2 c5 4. Ngf3 Nf6 5. g3 Nc6 6. Bg2 Be7 7. O-O O-O 8. e5
Nd7 9. Re1 Qc7 10. Qe2 Re8 11. Nf1 Nf8 12. h4 f6 13. exf6 Bxf6 14. Ne3 Nd4 15.
Nxd4 Bxd4 16. c3 Bxe3 17. Bxe3 Bd7 18. d4 b6 19. h5 c4 20. Bf4 Qd8 21. Qd2 h6
22. Re5 Nh7 23. Rae1 Rc8 24. R1e2 Qf6 25. Qe1 Kf8 26. Bh3 Rc6 27. Rxd5 exd5 28.
Bxd7 1-0

[Event "12. Open Internacional Málaga"]
[Site "Malaga ESP"]
[Date "2009.07.11"]
[Round "1.31"]
[White "Ladron De Guevara Bravo, Fermin"]
[Black "Gavilan Diaz, Mario"]
[Result "0-1"]
[WhiteElo "1727"]
[BlackElo "2280"]
[PlyCount "46"]
[EventDate "2009.07.11"]
[EventType "swiss"]
[EventRounds "9"]
[EventCountry "ESP"]
[Source "lmi"]
[SourceDate "2009.07.11"]

1. Nf3 Nf6 2. c4 e6 3. g3 b6 4. Bg2 Bb7 5. O-O Be7 6. Nc3 O-O 7. Re1 d5 8. cxd5
exd5 9. d4 c5 10. Bf4 Nbd7 11. dxc5 Nxc5 12. Nh4 Qd7 13. Qc2 Nfe4 14. Nf3 Rac8
15. Ne5 Qe6 16. Nxe4 dxe4 17. Qc4 Bd5 18. Qd4 Bxa2 19. Bh3 Qxh3 20. Rxa2 a5 21.
Nc4 Rfd8 22. Qe3 Qe6 23. Nd2 Qxa2 0-1